Tuyển chọn các bài toán lượng giác; T1 Đẳng thức lượng giác, bất đẳng thức lượng giác, phương trình và bất phương trình lượng giác chứa tham số
Guardado en:
| Autor principal: | |
|---|---|
| Formato: | Libro |
| Lenguaje: | Undetermined |
| Publicado: |
Hà Nội
Giáo Dục
1998
|
| Materias: | |
| Etiquetas: |
Agregar Etiqueta
Sin Etiquetas, Sea el primero en etiquetar este registro!
|
| Thư viện lưu trữ: | Trung tâm Học liệu Trường Đại học Cần Thơ |
|---|
| LEADER | 00756nam a2200205Ia 4500 | ||
|---|---|---|---|
| 001 | CTU_28548 | ||
| 008 | 210402s9999 xx 000 0 und d | ||
| 020 | |b 20.000đ | ||
| 082 | |a 516.24076 | ||
| 082 | |b Kh301/T1 | ||
| 100 | |a Phan Huy Khải | ||
| 245 | 0 | |a Tuyển chọn các bài toán lượng giác; T1 | |
| 245 | 0 | |b Đẳng thức lượng giác, bất đẳng thức lượng giác, phương trình và bất phương trình lượng giác chứa tham số | |
| 245 | 0 | |c Phan Huy Khải | |
| 260 | |a Hà Nội | ||
| 260 | |b Giáo Dục | ||
| 260 | |c 1998 | ||
| 650 | |a trigonometry - problems, exercises, etc | ||
| 904 | |i Minh, 990203 | ||
| 980 | |a Trung tâm Học liệu Trường Đại học Cần Thơ | ||